Karl Barth and Hans Urs von Balthasar : (Record no. 36229)
[ view plain ]
| 000 -LEADER | |
|---|---|
| fixed length control field | 00848cam a2200217 a 4500 |
| 005 - DATE AND TIME OF LATEST TRANSACTION | |
| control field | 20140520110332.0 |
| 008 - FIXED-LENGTH DATA ELEMENTS--GENERAL INFORMATION | |
| fixed length control field | 071101s2007 enk b 001 0 eng |
| 020 ## - INTERNATIONAL STANDARD BOOK NUMBER | |
| International Standard Book Number | 9780567031914 (hbk. : alk. paper) |
| 020 ## - INTERNATIONAL STANDARD BOOK NUMBER | |
| International Standard Book Number | 0567031918 (hbk. : alk. paper) |
| 100 1# - MAIN ENTRY--PERSONAL NAME | |
| Personal name | Wigley, Stephen D. |
| 245 10 - TITLE STATEMENT | |
| Title | Karl Barth and Hans Urs von Balthasar : |
| Remainder of title | a critical engagement / |
| Statement of responsibility, etc | Stephen D. Wigley. |
| 260 ## - PUBLICATION, DISTRIBUTION, ETC. (IMPRINT) | |
| Place of publication, distribution, etc | London ; |
| -- | New York : |
| Name of publisher, distributor, etc | T & T Clark, |
| Date of publication, distribution, etc | c2007. |
| 300 ## - PHYSICAL DESCRIPTION | |
| Extent | xiv, 178 p. ; |
| Dimensions | 24 cm. |
| 440 #0 - SERIES STATEMENT/ADDED ENTRY--TITLE | |
| Title | T & T Clark theology |
| 504 ## - BIBLIOGRAPHY, ETC. NOTE | |
| Bibliography, etc | Includes bibliographical references (p. [167]-175) and index. |
| 600 10 - SUBJECT ADDED ENTRY--PERSONAL NAME | |
| Personal name | Barth, Karl, |
| Dates associated with a name | 1886-1968 |
| General subdivision | Influence. |
| 600 10 - SUBJECT ADDED ENTRY--PERSONAL NAME | |
| Personal name | Balthasar, Hans Urs von, |
| Dates associated with a name | 1905-1988. |
| 650 #0 - SUBJECT ADDED ENTRY--TOPICAL TERM | |
| Topical term or geographic name as entry element | Theology |
| General subdivision | History |
| Chronological subdivision | 20th century. |
| 856 41 - ELECTRONIC LOCATION AND ACCESS | |
| Materials specified | Table of contents |
| Uniform Resource Identifier | http://www.loc.gov/catdir/toc/fy0803/2007619279.html |
| 942 ## - ADDED ENTRY ELEMENTS (KOHA) | |
| Source of classification or shelving scheme | Library of Congress Classification |
| Item type | Books |
| Withdrawn status | Lost status | Source of classification or shelving scheme | Damaged status | Not for loan | Home library | Current library | Shelving location | Date acquired | Source of acquisition | Cost, normal purchase price | Accession number | Total Checkouts | Full call number | Barcode | Date last seen | Price effective from | Koha item type |
|---|---|---|---|---|---|---|---|---|---|---|---|---|---|---|---|---|---|
| Library of Congress Classification | BSOP Library | BSOP Library | General Circulation | 11/11/2011 | Theological Book Network | 400.00 | 35749 | BT28 W63 2007 | 00042449 | 03/15/2013 | 03/15/2013 | Books |
